Pathways 3 : (Record no. 18391)
[ view plain ]
| 000 -LEADER | |
|---|---|
| fixed length control field | 00840nam a22002297a 4500 |
| 005 - DATE AND TIME OF LATEST TRANSACTION | |
| control field | 20201125063854.0 |
| 008 - FIXED-LENGTH DATA ELEMENTS--GENERAL INFORMATION | |
| fixed length control field | 140921t2014 xxua fr 001 0 eng d |
| 020 ## - INTERNATIONAL STANDARD BOOK NUMBER | |
| International Standard Book Number | 9781133942177 |
| 040 ## - CATALOGING SOURCE | |
| Original cataloging agency | EG-ScBUE |
| 082 00 - DEWEY DECIMAL CLASSIFICATION NUMBER | |
| Edition number | 22 |
| Classification number | 428.0071 |
| Item number | VAR |
| 100 1# - MAIN ENTRY--PERSONAL NAME | |
| Personal name | Vargo, Mari |
| 9 (RLIN) | 36085 |
| 245 10 - TITLE STATEMENT | |
| Title | Pathways 3 : |
| Remainder of title | reading, writing and critical thinking / |
| Statement of responsibility, etc | Mari Vargo and Laurie Blass. |
| 246 3# - VARYING FORM OF TITLE | |
| Title proper/short title | Pathways three : |
| Remainder of title | reading, writing and critical thinking |
| 260 ## - PUBLICATION, DISTRIBUTION, ETC. (IMPRINT) | |
| Place of publication, distribution, etc | Boston, United States : |
| Name of publisher, distributor, etc | National Geographic Learning : |
| -- | Heinle Cengage Learning, |
| Date of publication, distribution, etc | c.2014. |
| 300 ## - PHYSICAL DESCRIPTION | |
| Extent | xvi, 256 p. : |
| Other physical details | ill. (col.) ; |
| Dimensions | 28 cm. |
| 500 ## - GENERAL NOTE | |
| General note | Includes indexes. |
| 653 ## - INDEX TERM--UNCONTROLLED | |
| Resource For college | |
| Arrived date list | September2014 |
| 655 ## - INDEX TERM--GENRE/FORM | |
| Form subdivision | |
| -- | 33728 |
| 700 1# - ADDED ENTRY--PERSONAL NAME | |
| 9 (RLIN) | 34715 |
| Personal name | Blass, Laurie |
| Dates associated with a name | 1952- |
| 710 2# - ADDED ENTRY--CORPORATE NAME | |
| 9 (RLIN) | 35969 |
| Corporate name or jurisdiction name as entry element | National Geographic Learning (Firm) |
| 942 ## - ADDED ENTRY ELEMENTS (KOHA) | |
| Source of classification or shelving scheme | Dewey Decimal Classification |
| Item type | Book - Borrowing |
| Call number prefix | 428.0071 VAR |
| Withdrawn status | Item status | Source of classification or shelving scheme | Damaged status | Not for loan | Vendor | Home library | Current library | Shelving location | Date acquired | Source of acquisition | Cost, normal purchase price | Total Checkouts | Full call number | Barcode | Date last seen | Cost, replacement price | Koha item type | Materials specified (bound volume or other part) | Date last borrowed | Total Renewals |
|---|---|---|---|---|---|---|---|---|---|---|---|---|---|---|---|---|---|---|---|---|
| Dewey Decimal Classification | Baccah | Central Library | Central Library | Second Floor | 21/09/2014 | Purchase | 220.00 | 428.0071 VAR | 000036193 | 15/07/2025 | 275.00 | NB - Book (Non borrowing) | ||||||||
| Lost | Dewey Decimal Classification | Baccah | Central Library | Central Library | Second Floor | 21/09/2014 | Purchase | 220.00 | 1 | 428.0071 VAR | 000036194 | 02/10/2014 | 275.00 | Book - Borrowing | Lost In Inventory_2015-8-23 | 25/09/2014 | ||||
| Dewey Decimal Classification | Baccah | Central Library | Central Library | Second Floor | 21/09/2014 | Purchase | 220.00 | 2 | 428.0071 VAR | 000036195 | 15/07/2025 | 275.00 | Book - Borrowing | 12/02/2015 | 3 | |||||
| Dewey Decimal Classification | Baccah | Central Library | Central Library | Second Floor | 21/09/2014 | Purchase | 220.00 | 1 | 428.0071 VAR | 000036196 | 15/07/2025 | 275.00 | Book - Borrowing | 25/09/2014 | 4 | |||||
| Dewey Decimal Classification | Baccah | Central Library | Central Library | Second Floor | 21/09/2014 | Purchase | 220.00 | 2 | 428.0071 VAR | 000036197 | 15/07/2025 | 275.00 | Book - Borrowing | 08/02/2015 | 4 | |||||
| Dewey Decimal Classification | Baccah | Central Library | Central Library | Second Floor | 21/09/2014 | Purchase | 220.00 | 2 | 428.0071 VAR | 000036198 | 15/07/2025 | 275.00 | Book - Borrowing | 08/02/2015 | 3 | |||||
| Dewey Decimal Classification | Baccah | Central Library | Central Library | Second Floor | 21/09/2014 | Purchase | 220.00 | 1 | 428.0071 VAR | 000036199 | 15/07/2025 | 275.00 | Book - Borrowing | 23/09/2014 | 12 | |||||
| Dewey Decimal Classification | Baccah | Central Library | Central Library | Second Floor | 21/09/2014 | Purchase | 220.00 | 1 | 428.0071 VAR | 000036200 | 15/07/2025 | 275.00 | Book - Borrowing | 23/09/2014 | 3 | |||||
| Dewey Decimal Classification | Baccah | Central Library | Central Library | Second Floor | 21/09/2014 | Purchase | 220.00 | 1 | 428.0071 VAR | 000036201 | 15/07/2025 | 275.00 | Book - Borrowing | 07/02/2015 | 5 | |||||
| Dewey Decimal Classification | Baccah | Central Library | Central Library | Second Floor | 21/09/2014 | Purchase | 220.00 | 2 | 428.0071 VAR | 000036202 | 15/07/2025 | 275.00 | Book - Borrowing | 08/09/2020 | 4 |